Category Elimination: Given Names #3 - Statistics

General Stats
  • This quiz has been taken 29 times
  • The average score is 12 of 20
Answer Stats
Hint Answer % Correct
Names of cities commonly used as baby names
88%
U.S. presidents' last names which have ranked in the top 1000 since 1880
88%
Boys' names ending with the letter X
84%
... which don't belong to a child of Angelina Jolie
84%
... nor are the name of a real or mythological animal
84%
... which are not a place name
84%
... which are national capitals
80%
... of countries in Europe
80%
First names of female Olympic gymnastic all-around champions (1952-2024)
72%
... that have never left the top 1000 ranking up to and including 2024
68%
... whose starting letter is not a vowel
68%
... that are east of Luxembourg
60%
... and is the main character in the book "Where the Wild Things Are" Max
56%
... which are Slavic names
32%
... ending in "ia"
32%
... with exactly 5 letters
28%
... which doesn't end in "son"
24%
... and is the name of the first gymnast to score a perfect 10 in the Olympics Nadia
24%
... and is the #10 most popular girls' name in the USA in 2024 Sofia
24%
... and was a top 10 girls' name in the 1990s Taylor
16%
No matching quizzes found
Score Distribution
Percent of People with Each Score
Percentile by Number Answered
Your Score History
You have not taken this quiz